| 000 | 00642nam a2200181 a 4500 | ||
|---|---|---|---|
| 008 | 120416s1972 ||||||||||||||||| || u | ||
| 020 | _a0902173863 | ||
| 050 | _aRA 988.3 Hen | ||
| 100 | _aHensey, Brendan | ||
| 245 | 1 | 4 | _aThe health services of Ireland. (3rd ed.) |
| 250 | _a3rd ed. | ||
| 260 |
_aDublin: _bInstitute of Public Administration _c1972 |
||
| 300 | _aiv, 275p. : ill | ||
| 350 | _a0.00 | ||
| 650 | _aNATIONAL HEALTH SERVICES | ||
| 650 | 0 | _aPUBLIC HEALTH ADMINISTRATION | |
| 995 |
_D0.00 _FCBU-MAIN LIBRARY (Kitwe) _H1 _I9.46 _UAVAILABLE _ZAnnex Low-Usage Collection |
||
| 999 |
_c45445 _d45445 |
||